00547nam a22001217a 450000500170000000800410001705000080005824500820006626000450014830000180019350000240021150501900023520240726103541.0240726b ||||| |||| 00| 0 eng d aREF aLearning process: The commonwealth diploma in youth developmentccommonwealth aLondonbCommonwealth secretariate c2007 a304 p,:c29cm aIncludes references aContents: What is learning? -- How do adults learn? -- Education for all -- Informal education -- What helps and what hinders learning? -- Learning styles -- Facilitating adult learning